[Event "Paris Apsap op 39th"]
[Site "Paris"]
[Date "2003.02.15"]
[Round "3"]
[White "Charlot, Regis"]
[Black "Valenca, Mathieu"]
[Result "0-1"]
[WhiteElo "1820"]
[BlackElo "1690"]
[PlyCount "58"]
[EventDate "2003.02.23"]
[EventType "swiss"]
[EventRounds "7"]
[EventCountry "FRA"]
[SourceTitle "EXT 2004"]
[Source "ChessBase"]
[SourceDate "2003.11.25"]
[SourceVersion "1"]
[SourceVersionDate "2003.11.25"]
[SourceQuality "1"]

1. d4 d5 2. Bg5 h6 3. Bh4 c5 4. e3 Qb6 5. Nc3 e6 6. Nf3 Qxb2 7. Nb5 Qb4+ 8. c3 Qa5 9. Bg3 Na6 10. Ne5 c4 11. Qh5 g6 12. Qf3 f5 13. a4 Bd7 14. Nxd7 Kxd7 15. Be5 Rh7 16. Qg3 Ne7 17. Bd6 g5 18. Kd2 f4 19. Qg4 fxe3+ 20. fxe3 Nf5 21. Be5 Bd6 22. Bxd6 Nxd6 23. Nxd6 Kxd6 24. Qg3+ Kd7 25. Be2 Nc7 26. Rhf1 Re8 27. Rf6 Nb5 28. e4 Nd6 29. exd5 Ne4+ 0-1

[Event "Paris Apsap op 39th"]
[Site "Paris"]
[Date "2003.02.15"]
[Round "2"]
[White "Valenca, Mathieu"]
[Black "Sohier, Julien"]
[Result "0-1"]
[WhiteElo "1690"]
[BlackElo "2050"]
[PlyCount "32"]
[EventDate "2003.02.23"]
[EventType "swiss"]
[EventRounds "7"]
[EventCountry "FRA"]
[SourceTitle "EXT 2004"]
[Source "ChessBase"]
[SourceDate "2003.11.25"]
[SourceVersion "1"]
[SourceVersionDate "2003.11.25"]
[SourceQuality "1"]

1. e4 e6 2. d4 d5 3. Nc3 Bb4 4. e5 c5 5. a3 Bxc3+ 6. bxc3 Ne7 7. Qg4 0-0 8. Bg5 Qa5 9. Bd2 Nbc6 10. Bd3 f5 11. exf6 Rxf6 12. Qh5 Nf5 13. Nf3 Bd7 14. g4 c4 15. Be2 Nd6 16. Ng5 Rh6 0-1

[Event "Paris Apsap op 47th"]
[Site "Paris"]
[Date "2003.??.??"]
[Round "7"]
[White "Valenca, Mathieu"]
[Black "Courbiere, Jean Remy"]
[Result "1-0"]
[WhiteElo "1840"]
[BlackElo "1640"]
[PlyCount "69"]
[EventDate "2003.??.??"]
[EventType "swiss"]
[EventRounds "7"]
[EventCountry "FRA"]
[SourceTitle "EXT 2008"]
[Source "ChessBase"]
[SourceDate "2007.11.25"]
[SourceVersion "1"]
[SourceVersionDate "2007.11.25"]
[SourceQuality "1"]

1. e4 d6 2. d4 Nf6 3. Nc3 g6 4. Be3 Bg7 5. Qd2 c6 6. f3 b5 7. Nge2 Nbd7 8. Bh6 Bxh6 9. Qxh6 Bb7 10. 0-0-0 Qc7 11. g3 Nb6 12. Bh3 Bc8 13. Bxc8 Qxc8 14. e5 dxe5 15. dxe5 Nfd5 16. Qg7 Rf8 17. Rhe1 Qf5 18. Nd4 Qh5 19. Nxd5 cxd5 20. Nxb5 Qxh2 21. Nc7+ Kd7 22. Nxa8 Rxa8 23. Qxf7 Qxg3 24. Qxh7 Rc8 25. e6+ Kd6 26. Qh6 Qxf3 27. Qe3 Qf6 28. Qa3+ Rc5 29. Qxa7 Rb5 30. Qb8+ Kc6 31. Qe8+ Kc5 32. c3 Nc4 33. Qc8+ Kb6 34. Qb8+ Kc5 35. Qc7# 1-0